Statistics for Provinces of the Spanish Empire with a Map

Click here to take the quiz!

General Stats

  • This quiz has been taken 2,112 times
  • The average score is 46 of 149

Answers on the Map

Answers color-coded by a green-red scale on the quiz's map according to % correct below.
 

Answer Stats

Provinces% Correct
Florida
95%
Nueva California
92%
Catalonia
89%
Madrid
86%
Mexico
85%
Panama
84%
Tejas
84%
Valencia
84%
Aragon
82%
Galicia
82%
Costa Rica
81%
Louisiana
80%
Nicaragua
80%
San Salvador
79%
Granada
78%
Guatemala
78%
León
77%
Lima
75%
Balearic Islands
74%
Yucatán
74%
Canary Islands
73%
Seville
73%
Vieja California
73%
Santiago
72%
Santa Fé
71%
Navarra
70%
Puerto Rico
69%
Tondo
68%
Buenos Aires
66%
Caracas
66%
Murcia
65%
Quito
64%
Ceuta
63%
Nuevo Mexico
63%
Córdoba
62%
Asturias de Oviedo
61%
Melilla
58%
Toledo
58%
La Paz
57%
Extremadura
56%
Montevideo
54%
Paraguay
48%
Cusco
46%
Trinidad
45%
Guadalajara
44%
Guayana
42%
Veracruz
41%
Malvinas
40%
Guayaquil
38%
Valladolid
38%
Salamanca
37%
Cebú
35%
La Mancha
33%
Nuevo León
33%
Oaxaca
33%
Burgos
32%
Maracaibo
32%
Mindanao Moro
32%
Cartagena
30%
Jaén
28%
Puebla
27%
Cuenca
24%
Vizcaya
24%
Segovia
23%
Ávila
21%
Zamora
21%
Arequipa
20%
Marianas
19%
San Luis Potosí
19%
Álava
18%
Guipúzcoa
18%
Palencia
18%
Pamplona
18%
Soria
18%
Zacatecas
18%
Potosí
17%
Cochabamba
16%
Trujillo
16%
Negros
15%
Guanajuato
12%
Salta
12%
Concepción
11%
Caroline Islands
10%
Nueva Vizcaya
10%
Antioquia
9%
Leyte
9%
Nueva Galicia
9%
Toro
9%
Cagayán
8%
Margarita
8%
Mindoro
8%
Misiones
8%
Santa Marta
8%
Chocó
7%
Ilocos
7%
Nuevo Santander
7%
Oriente
7%
Samar
7%
Bataan
6%
Chiloé
6%
Huamanga
6%
Iloilo
6%
Nueva Extremadura
6%
Nueva Navarra
6%
Occidente
6%
Puno
6%
Badis
5%
Barinas
5%
Cavite
5%
Charcas
5%
Comayagua
5%
Cumaná
5%
Laguna
5%
Loja
5%
Molina
5%
Ozama
5%
Pangasinan
5%
Popayán
5%
Riohacha
5%
Tunja
5%
Veragua
5%
Albay
4%
Ambos Camarines
4%
Antique
4%
Balayán
4%
Bulacan
4%
Capiz
4%
Caraga
4%
Casanare
4%
Chiquitos
4%
Cibao
4%
Huancavelica
4%
Mariquita
4%
Maynas
4%
Mojos
4%
Neiva
4%
Nuevas Poblaciones
4%
Pampanga
4%
Socorro
4%
Tarma
4%
Zambales
4%
Calamianes
3%
Mariveles
3%
Oton
3%
Tayabas
3%

Score Distribution

Percentile by Number Answered

Percent of People with Each Score

Your Score History

You have not taken this quiz